| 000 | 01090nam a2200277 a 4500 | ||
|---|---|---|---|
| 001 | 000013169 | ||
| 003 | DO-SdBNP | ||
| 005 | 20240530073916.0 | ||
| 008 | 091120s2003 dr 000 f spa d | ||
| 020 | _a9993493244 | ||
| 040 |
_aDO-SdBNP _bspa _cBNPHU |
||
| 082 | 4 |
_aRD863.44 _bV145v _222 |
|
| 100 | 1 |
_aValdez, Diógenes, _d1941- _920511 |
|
| 245 | 1 | 3 |
_aEl viento y la noche : _b(un después) / _cDiógenes Valdez. |
| 260 |
_aSanto Domingo : _bManatí, _c2003. |
||
| 300 |
_a108 p. ; _c24 cm. |
||
| 500 | _aIncluye datos biográficos del autor en la solapa de la cubierta. | ||
| 500 | _aTercera novela del ciclo titulado ¨El sexteto de Fort Liberté¨, que se apoya temáticamente en el célebre poema ¨Yelidá¨, de Tomás Hernández Franco. | ||
| 590 | _aInventariado, 2019/VM | ||
| 650 | 0 |
_aNovela dominicana _9223 |
|
| 650 | 0 |
_aLiteratura dominicana. _967 |
|
| 700 | 1 | 2 |
_aHernández Franco, Tomás, _d1904-1952 _tYelidá _930249 |
| 800 | 1 |
_aValdez, Diógenes _tYelidá (El sexteto de Fort Liberté) _v3 _930250 |
|
| 910 | _aValidado. Control de calidad MFF | ||
| 942 |
_2ddc _cLBS1 |
||
| 999 |
_c12808 _d12808 |
||